The Ziegler Polar Expedition 1903, 1905: Scientific results
Guardat en:
| Autors principals: | , , , |
|---|---|
| Format: | Llibre |
| Idioma: | anglès |
| Publicat: |
Washington, D.C
Estate of William Ziegler
1907
|
| Edició: | 1a. ed |
| Matèries: | |
| Etiquetes: |
Afegir etiqueta
Sense etiquetes, Sigues el primer a etiquetar aquest registre!
|
MARC
| LEADER | 00000nam a2200000 a 4500 | ||
|---|---|---|---|
| 001 | UCJ3674 | ||
| 003 | CL-VaPUC | ||
| 008 | 070124e19070000US |||||||||||||||||eng|d | ||
| 082 | 0 | 4 | |a 910.4 |b FLE |2 21 |
| 100 | 0 | |a Fleming, John A. |e author |9 505885 | |
| 700 | 0 | |a Fiala, Anthony |e author |9 505886 | |
| 700 | 0 | |a Peters, William J |e author |9 505887 | |
| 700 | 0 | |a Porter, Russell W |e author |9 505888 | |
| 245 | 1 | 4 | |a The Ziegler Polar Expedition 1903, 1905: Scientific results |
| 250 | |a 1a. ed | ||
| 300 | |a vii, 630 p | ||
| 942 | |c BK | ||
| 945 | |d 20070124 00:00:00 |a rinostro | ||
| 260 | |a Washington, D.C |b Estate of William Ziegler |c 1907 | ||
| 500 | |a 3 mapas en la cubierta posterior; ilustraciones y tablas meteorológicas y oceanográficas | ||
| 650 | 0 | |a Viajes |9 257115 | |
| 650 | 0 | |a Expediciones científicas |9 265222 | |
| 650 | 7 | |a OBSERVACIONES GEOFISICAS |2 CL-VaPUC |9 505640 | |
| 650 | 0 | |a Astronomía |9 260985 | |
| 650 | 0 | |a Aurora boreal |9 505671 | |
| 650 | 0 | |a Oceanografía |9 260014 | |
| 650 | 0 | |a Ilustraciones |9 369481 | |
| 650 | 0 | |a Mapas |9 260844 | |
| 651 | 7 | |a POLO NORTE |2 CL-VaPUC |9 310897 | |
| 651 | 7 | |a REGION ARTICA |2 CL-VaPUC |9 366377 | |
| 583 | |a last modification |c 20070124 00:00:00 |k Rodrigo Vera | ||
| 999 | |c 319796 |d 319794 | ||
| 952 | |0 0 |1 0 |4 0 |6 910_400000000000000_FLE_1907 |7 0 |8 X |9 398174 |a FDOBUD |b FDOBUD |d 2019-11-22 |i 1006924 |o 910.4 FLE 1907 |p 1006924 |r 2019-11-22 |w 2019-11-22 |y BK_X |k BUD | ||